<?xml version="1.0" encoding="UTF-8"?>
<record
    xmlns:xsi="http://www.w3.org/2001/XMLSchema-instance"
    xsi:schemaLocation="http://www.loc.gov/MARC21/slim http://www.loc.gov/standards/marcxml/schema/MARC21slim.xsd"
    xmlns="http://www.loc.gov/MARC21/slim">

  <leader>01583nam a22002417a 4500</leader>
  <controlfield tag="001">3934</controlfield>
  <controlfield tag="003">FISKH</controlfield>
  <controlfield tag="005">20240524140007.0</controlfield>
  <controlfield tag="008">240524b        cb ||||| |||| 00| 0 eng d</controlfield>
  <datafield tag="040" ind1=" " ind2=" ">
    <subfield code="a">FISK </subfield>
    <subfield code="b">eng </subfield>
    <subfield code="c">FISK </subfield>
    <subfield code="d">FISK </subfield>
  </datafield>
  <datafield tag="082" ind1=" " ind2=" ">
    <subfield code="a">177.7 </subfield>
  </datafield>
  <datafield tag="100" ind1=" " ind2=" ">
    <subfield code="a">Thurston Jaime </subfield>
    <subfield code="d">1990- </subfield>
  </datafield>
  <datafield tag="245" ind1=" " ind2=" ">
    <subfield code="a">Kindness / </subfield>
    <subfield code="b">The little thing that matters most </subfield>
    <subfield code="c">by Jaime Thurston </subfield>
  </datafield>
  <datafield tag="260" ind1=" " ind2=" ">
    <subfield code="a">London : </subfield>
    <subfield code="b">Thorsons , </subfield>
    <subfield code="c">2017 </subfield>
  </datafield>
  <datafield tag="300" ind1=" " ind2=" ">
    <subfield code="a">224 pages : </subfield>
    <subfield code="b">illustrations ; </subfield>
    <subfield code="c">21 cm </subfield>
  </datafield>
  <datafield tag="505" ind1=" " ind2=" ">
    <subfield code="a">K
</subfield>
  </datafield>
  <datafield tag="520" ind1=" " ind2=" ">
    <subfield code="a">Kindness - the little thing that matters most aims to motivate and inspire by showing readers what a difference even a small act of kindness can make. It uses the voices of those who have been helped by the author's charity - 52 Lives - to ground the ideas in real life action. The book is themed around 52 simple actions you can do to spread kindness. Interspersed throughout are nuggets of science explaining the positive effect kindness has on the brain and on the heart. This book is a call to action for people to live a more connected, fulfilling life. With inspirational quotes and personal stories this book will give you all the motivation you need to start spreading a little kindness - it's free afterall! Learn to live a life of kindness by following Jaime's infectious positivity in this charming gift book. Here are some examples:- Be a Seat Vigilante- Be Kind to Unkind People- Go High-Give Away a Minute- Embrace Curiosity.
</subfield>
  </datafield>
  <datafield tag="521" ind1="8" ind2=" ">
    <subfield code="a">660
</subfield>
    <subfield code="b">Lexile
</subfield>
  </datafield>
  <datafield tag="521" ind1="8" ind2=" ">
    <subfield code="a">K
</subfield>
    <subfield code="b">Raz-Plus
</subfield>
  </datafield>
  <datafield tag="700" ind1=" " ind2=" ">
    <subfield code="a">Jaime Thurston </subfield>
  </datafield>
  <datafield tag="942" ind1=" " ind2=" ">
    <subfield code="2">ddc</subfield>
    <subfield code="c">BK</subfield>
    <subfield code="n">0</subfield>
  </datafield>
  <datafield tag="999" ind1=" " ind2=" ">
    <subfield code="c">3934</subfield>
    <subfield code="d">3934</subfield>
  </datafield>
  <datafield tag="952" ind1=" " ind2=" ">
    <subfield code="0">0</subfield>
    <subfield code="1">0</subfield>
    <subfield code="2">ddc</subfield>
    <subfield code="4">0</subfield>
    <subfield code="7">0</subfield>
    <subfield code="8">NFIC</subfield>
    <subfield code="a">001</subfield>
    <subfield code="b">002</subfield>
    <subfield code="c">TTP</subfield>
    <subfield code="d">2024-05-24</subfield>
    <subfield code="l">1</subfield>
    <subfield code="o">THU 177.7 </subfield>
    <subfield code="p">2024-0698</subfield>
    <subfield code="r">2025-09-03 11:31:59</subfield>
    <subfield code="s">2025-08-20</subfield>
    <subfield code="t">1</subfield>
    <subfield code="w">2024-05-24</subfield>
    <subfield code="y">BK</subfield>
  </datafield>
</record>
